[Event "3eme Open International de La Fere"]
[Site "La Fere (FRA)"]
[Date "2004.??.??"]
[Round "8.29"]
[White "Deneuville, Ludovic"]
[Black "Labarthe, Arnaud"]
[Result "0-1"]
[WhiteElo "1780"]
[BlackElo "2028"]
[PlyCount "68"]
[EventDate "2004.??.??"]

1. d4 d5 2. Nf3 Bf5 3. Bf4 e6 4. e3 Bd6 5. Bxd6 cxd6 6. c4 dxc4 7. Bxc4 Ne7 8.
Nc3 O-O 9. e4 d5 10. exf5 dxc4 11. fxe6 fxe6 12. Qe2 Ng6 13. Qxe6+ Kh8 14. O-O
Rxf3 15. gxf3 Nc6 16. Rad1 Nf4 17. Qf5 Qh4 18. Qg4 Qh6 19. Kh1 Nb4 20. Rd2 Nbd3
21. Rfd1 Qf6 22. d5 h5 23. Qd7 Rd8 24. Qxb7 Nh3 25. Rxd3 cxd3 26. Kg2 Nf4+ 27.
Kf1 Qg5 28. Qxa7 Re8 29. Ne4 Qg2+ 30. Ke1 Qxf3 31. Kd2 Qe2+ 32. Kc3 Qxe4 33.
Qb7 Nxd5+ 34. Kb3 Re6 0-1

[Event "3eme Open International de La Fere"]
[Site "La Fere (FRA)"]
[Date "2004.??.??"]
[Round "8.30"]
[White "Lonnoy, Remi"]
[Black "Pillot, Antoine"]
[Result "1-0"]
[WhiteElo "2025"]
[BlackElo "1790"]
[PlyCount "43"]
[EventDate "2004.??.??"]

1. d4 d5 2. c4 c6 3. Nc3 e5 4. dxe5 d4 5. Ne4 Qa5+ 6. Bd2 Qxe5 7. Ng3 c5 8. Nf3
Qe7 9. e3 Nc6 10. Be2 dxe3 11. Bxe3 Be6 12. O-O Nf6 13. Ng5 h6 14. Nxe6 Qxe6
15. Re1 Rd8 16. Qb3 Qc8 17. Bf3 Kd7 18. Ne4 Ne5 19. Rad1+ Kc7 20. Bf4 Nfd7 21.
Qa4 f5 22. Nc3 1-0

[Event "3eme Open International de La Fere"]
[Site "La Fere (FRA)"]
[Date "2004.??.??"]
[Round "8.31"]
[White "Dumortier, Thierry"]
[Black "Aine, Olivier"]
[Result "1-0"]
[WhiteElo "2019"]
[BlackElo "1770"]
[PlyCount "91"]
[EventDate "2004.??.??"]

1. e4 e5 2. Bc4 Bc5 3. Nf3 Nc6 4. c3 Nf6 5. d3 d6 6. O-O Be6 7. Bb3 h6 8. Be3
Bb6 9. Nbd2 Qd7 10. Bxb6 axb6 11. d4 Bxb3 12. Qxb3 O-O 13. Rfe1 Rfe8 14. d5 Ne7
15. Nc4 Qa4 16. Nfd2 Nd7 17. Na3 Nc5 18. Qxa4 Nxa4 19. Nb5 Rec8 20. b3 Nc5 21.
a4 Ra6 22. Ra2 f5 23. f3 Raa8 24. Rea1 fxe4 25. fxe4 Na6 26. a5 bxa5 27. Rxa5
Rd8 28. Nc4 Ng6 29. g3 Nf8 30. b4 Nd7 31. Nba3 Rf8 32. Nd2 Rac8 33. Rf1 c6 34.
dxc6 Rxc6 35. b5 Rc5 36. Rxf8+ Kxf8 37. Nb3 Rxc3 38. bxa6 Rxb3 39. a7 Nb6 40.
a8=Q+ Nxa8 41. Rxa8+ Ke7 42. Nc4 b5 43. Ra7+ Ke6 44. Nb6 Rf3 45. Nd5 Rf7 46.
Nc7+ 1-0

[Event "3eme Open International de La Fere"]
[Site "La Fere (FRA)"]
[Date "2004.??.??"]
[Round "8.32"]
[White "Perrien, Francis"]
[Black "Molet, Asher"]
[Result "0-1"]
[WhiteElo "1800"]
[BlackElo "2019"]
[PlyCount "82"]
[EventDate "2004.??.??"]

1. e4 c5 2. Nf3 Nc6 3. d4 cxd4 4. Nxd4 Nf6 5. Nc3 e5 6. Ndb5 d6 7. Nd5 Nxd5 8.
exd5 Nb8 9. Be3 a6 10. Nc3 Be7 11. Be2 O-O 12. Qd2 f5 13. f4 e4 14. O-O-O b5
15. g4 Qa5 16. a3 b4 17. Na2 fxg4 18. Nxb4 Bf5 19. Bd4 Bf6 20. Rhg1 Qc7 21.
Bxf6 Rxf6 22. Bxg4 a5 23. Bxf5 Rxf5 24. Na2 Na6 25. Nc3 Re8 26. Rg4 Nc5 27. Re1
a4 28. Qd4 Ref8 29. Nb5 Nb3+ 30. Kd1 Nxd4 31. Nxc7 Rxf4 32. Rxe4 Rxg4 33. Rxg4
Rf1+ 34. Kd2 Nf5 35. Rxa4 Rf2+ 36. Kd3 Rxh2 37. Rf4 g6 38. a4 Rh3+ 39. Kd2 Rh2+
40. Kd3 Rh3+ 41. Ke4 Re3# 0-1

[Event "3eme Open International de La Fere"]
[Site "La Fere (FRA)"]
[Date "2004.??.??"]
[Round "8.33"]
[White "Bertrand, Eric"]
[Black "Poulain, Andre"]
[Result "1-0"]
[WhiteElo "2012"]
[BlackElo "1650"]
[PlyCount "103"]
[EventDate "2004.??.??"]

1. e4 Nf6 2. e5 Nd5 3. d4 d6 4. Nf3 Bg4 5. Be2 e6 6. O-O Be7 7. c4 Nb6 8. Nc3
O-O 9. exd6 cxd6 10. Re1 Nc6 11. b3 Bf6 12. Be3 Re8 13. Rc1 Bf5 14. Bd3 Bxd3
15. Qxd3 Nb4 16. Qd2 Nc6 17. Ne4 Be7 18. Bf4 d5 19. Nc5 Bxc5 20. dxc5 Nd7 21.
cxd5 exd5 22. Rxe8+ Qxe8 23. Re1 Qd8 24. Qxd5 Nf6 25. Qxd8+ Rxd8 26. Kf1 h6 27.
Bd6 Re8 28. Ne5 Nxe5 29. Rxe5 Rxe5 30. Bxe5 Ne4 31. Bd4 Ng5 32. Ke2 a6 33. Kd3
Kf8 34. Kc4 Ne6 35. Be3 h5 36. h4 Ke8 37. a4 Kd7 38. b4 Kc6 39. b5+ axb5+ 40.
axb5+ Kc7 41. Kd5 Kd7 42. c6+ bxc6+ 43. bxc6+ Kc7 44. g3 g6 45. Bf4+ Kc8 46.
Kd6 Kd8 47. Bg5+ Kc8 48. Bf6 Nc7 49. Ke7 Nd5+ 50. Kxf7 Kc7 51. Kxg6 Kxc6 52.
Be5 1-0

[Event "3eme Open International de La Fere"]
[Site "La Fere (FRA)"]
[Date "2004.??.??"]
[Round "8.34"]
[White "Darras, Michel"]
[Black "Demeestere, Laurent"]
[Result "0-1"]
[WhiteElo "1790"]
[BlackElo "1954"]
[PlyCount "88"]
[EventDate "2004.??.??"]

1. e4 d5 2. exd5 Nf6 3. d4 Nxd5 4. Nf3 g6 5. Bc4 c6 6. c3 Bg7 7. Nbd2 O-O 8.
O-O Nd7 9. Ne4 Qc7 10. Bg5 h6 11. Bh4 f5 12. Nc5 Nxc5 13. dxc5 g5 14. Bxd5+
cxd5 15. Qxd5+ e6 16. Qc4 gxh4 17. Nxh4 Qf7 18. Rad1 e5 19. Qa4 e4 20. g3 Be6
21. Rd6 Be5 22. Rd2 Bf6 23. Ng2 Rfd8 24. Rfd1 a6 25. Rxd8+ Rxd8 26. Rxd8+ Bxd8
27. h4 Qd7 28. Qc2 Qd3 29. Qc1 Kh7 30. Nf4 Qd7 31. a3 Bc7 32. Nh5 Be5 33. Nf4
Bf7 34. Kg2 Qc7 35. b4 Bxf4 36. gxf4 Bc4 37. Qd1 Qg7+ 38. Kh2 Bd3 39. Qh5 Qg6
40. Qd1 Qg4 41. Qxg4 fxg4 42. Kg3 h5 43. a4 Kg6 44. a5 Kf5 0-1

[Event "3eme Open International de La Fere"]
[Site "La Fere (FRA)"]
[Date "2004.??.??"]
[Round "8.35"]
[White "Chebridon, Jean-Louis"]
[Black "Mestdagh, Franck"]
[Result "0-1"]
[WhiteElo "1610"]
[BlackElo "1944"]
[PlyCount "31"]
[EventDate "2004.??.??"]

1. e4 c5 2. Nf3 d6 3. Bb5+ Bd7 4. Bxd7+ Qxd7 5. c3 Nf6 6. Qe2 e6 7. d4 Nc6 8.
O-O Be7 9. dxc5 dxc5 10. Rd1 Qc7 11. Bg5 O-O 12. Nbd2 h6 13. Bh4 Rfd8 14. Bg3
Qb6 15. Nb3 a5 16. a4 0-1

[Event "3eme Open International de La Fere"]
[Site "La Fere (FRA)"]
[Date "2004.??.??"]
[Round "8.36"]
[White "Varoquier, Romain"]
[Black "Kulczak, Anemone"]
[Result "1-0"]
[WhiteElo "1940"]
[BlackElo "1730"]
[PlyCount "63"]
[EventDate "2004.??.??"]

1. e4 d5 2. exd5 Qxd5 3. Nc3 Qa5 4. Bc4 Nf6 5. d3 c6 6. Nge2 Bg4 7. O-O e6 8.
f3 Bf5 9. Bf4 Nbd7 10. a3 e5 11. Be3 Bd6 12. Ng3 Bg6 13. Nce4 Qc7 14. Nxd6+
Qxd6 15. Ne4 Qc7 16. Qd2 O-O 17. Rae1 Nd5 18. Bf2 Kh8 19. b4 f5 20. Nc5 Rae8
21. Bxd5 cxd5 22. c4 d4 23. Nb3 f4 24. Re2 Re7 25. Bxd4 Qd6 26. Rfe1 Rfe8 27.
Bxa7 Qxd3 28. Nc5 Qxa3 29. Nxd7 Qxa7+ 30. c5 Rd8 31. Rxe5 Rdxd7 32. Qxd7 1-0

[Event "3eme Open International de La Fere"]
[Site "La Fere (FRA)"]
[Date "2004.??.??"]
[Round "8.37"]
[White "Symoens, David"]
[Black "Moulin, Serge"]
[Result "0-1"]
[WhiteElo "1720"]
[BlackElo "1932"]
[PlyCount "62"]
[EventDate "2004.??.??"]

1. e4 c5 2. Nf3 d6 3. d4 Nf6 4. Nc3 cxd4 5. Nxd4 a6 6. Bg5 e6 7. f4 Be7 8. Qf3
Qc7 9. O-O-O b5 10. g4 Bb7 11. Kb1 b4 12. Bxf6 Bxf6 13. Nce2 Nc6 14. g5 Bxd4
15. Nxd4 O-O 16. Ne2 Rfc8 17. Rd2 a5 18. h4 a4 19. c3 a3 20. b3 bxc3 21. Rc2
Ra5 22. Bh3 Rc5 23. Qe3 Nb4 24. Rhc1 Nxc2 25. Rxc2 Qb6 26. Nd4 Rc4 27. Nf5 Qxe3
28. Nxe3 Rxe4 29. Bg2 Rxe3 30. Bxb7 Re1+ 31. Rc1 c2+ 0-1

[Event "3eme Open International de La Fere"]
[Site "La Fere (FRA)"]
[Date "2004.??.??"]
[Round "8.39"]
[White "Barnier, Christophe"]
[Black "Ricord, Lucas"]
[Result "1-0"]
[WhiteElo "2008"]
[BlackElo "1800"]
[PlyCount "69"]
[EventDate "2004.??.??"]

1. d4 d5 2. Nf3 c5 3. e3 Nc6 4. c3 Nf6 5. Bd3 Bg4 6. O-O e6 7. Nbd2 cxd4 8.
exd4 Bd6 9. h3 Bh5 10. Re1 O-O 11. Qc2 Rc8 12. Qb1 Qc7 13. Ng5 h6 14. Nh7 Nxh7
15. Bxh7+ Kh8 16. Bd3 e5 17. dxe5 Nxe5 18. Nb3 Rce8 19. Be3 Rd8 20. Bc2 Bg6 21.
Nd4 Bxc2 22. Qxc2 a6 23. Rad1 Rfe8 24. Re2 Nc4 25. Bc1 Qd7 26. Rde1 Bc5 27. Qd3
Rxe2 28. Rxe2 Re8 29. Qf5 Qd8 30. Qxf7 Rxe2 31. Nxe2 Qe7 32. Qxe7 Bxe7 33. b3
Nb6 34. Be3 Nd7 35. Nf4 1-0

[Event "3eme Open International de La Fere"]
[Site "La Fere (FRA)"]
[Date "2004.??.??"]
[Round "8.40"]
[White "Germain, Julien"]
[Black "Boudier, Eric"]
[Result "0-1"]
[WhiteElo "1740"]
[BlackElo "1941"]
[PlyCount "92"]
[EventDate "2004.??.??"]

1. d4 Nc6 2. c4 e5 3. d5 Nce7 4. Nc3 Ng6 5. h4 h5 6. g3 Nf6 7. Bg5 Bc5 8. Qc2
d6 9. Bh3 Bd7 10. e4 Qc8 11. Bxf6 gxf6 12. O-O-O Bxh3 13. Nxh3 Qg4 14. Qa4+ Ke7
15. Qc2 a6 16. Rdg1 b5 17. cxb5 axb5 18. a3 Qd7 19. Rf1 b4 20. axb4 Bxb4 21. f4
Bxc3 22. Qxc3 Ra1+ 23. Kd2 Rxf1 24. Rxf1 Qxh3 25. Qxc7+ Qd7 26. Qxd7+ Kxd7 27.
f5 Ne7 28. Ra1 Nc8 29. Ke2 Kc7 30. Ra6 Kb7 31. Rc6 Rd8 32. Kf3 Na7 33. Rc4 Nb5
34. g4 Nd4+ 35. Kg3 hxg4 36. Kxg4 Rg8+ 37. Kh3 Kb6 38. Rc3 Rg1 39. Rg3 Rh1+ 40.
Kg4 Re1 41. Kh5 Rxe4 42. Rg4 Nxf5 43. Rxe4 Ng3+ 44. Kg4 Nxe4 45. h5 Ng5 46. Kf5
Nh7 0-1

[Event "3eme Open International de La Fere"]
[Site "La Fere (FRA)"]
[Date "2004.??.??"]
[Round "8.41"]
[White "Brobecker, Alain"]
[Black "De Lange, Hans"]
[Result "0-1"]
[WhiteElo "1660"]
[BlackElo "1900"]
[PlyCount "56"]
[EventDate "2004.??.??"]

1. e4 c5 2. Nc3 e6 3. g3 d5 4. d3 d4 5. Nce2 Nc6 6. Bg2 Qc7 7. f4 Rb8 8. Nf3
Nf6 9. O-O Be7 10. c3 O-O 11. Qc2 Rd8 12. cxd4 cxd4 13. a3 Qb6 14. h3 Nxe4 15.
Ne5 Nxe5 16. Bxe4 Nc6 17. b4 Bf6 18. g4 g6 19. f5 exf5 20. gxf5 Ne7 21. fxg6
Nxg6 22. Bxg6 hxg6 23. Bf4 Bxh3 24. Bxb8 Rxb8 25. Rf3 Qe6 26. Qc7 Be5 27. Qc1
Qg4+ 28. Kf2 Qg2+ 0-1

[Event "3eme Open International de La Fere"]
[Site "La Fere (FRA)"]
[Date "2004.??.??"]
[Round "8.42"]
[White "Gaignierre, Gilles"]
[Black "Delias, Gerard"]
[Result "1-0"]
[WhiteElo "1900"]
[BlackElo "1620"]
[PlyCount "39"]
[EventDate "2004.??.??"]

1. d4 Nf6 2. Nf3 e6 3. Bg5 Be7 4. e3 d5 5. Nbd2 O-O 6. Bd3 Nbd7 7. c3 h6 8. Bh4
c5 9. h3 Nh7 10. Bxe7 Qxe7 11. g4 e5 12. dxe5 Nxe5 13. Nxe5 Qxe5 14. Qc2 g6 15.
O-O-O d4 16. exd4 cxd4 17. Rde1 Qf4 18. Bxg6 fxg6 19. Qxg6+ Kh8 20. Re7 1-0

[Event "3eme Open International de La Fere"]
[Site "La Fere (FRA)"]
[Date "2004.??.??"]
[Round "8.49"]
[White "Nostry, Pierre"]
[Black "Colnot, Cyril"]
[Result "0-1"]
[WhiteElo "1580"]
[BlackElo "1880"]
[PlyCount "30"]
[EventDate "2004.??.??"]

1. e4 g6 2. d4 Bg7 3. Nf3 d6 4. Nc3 Bg4 5. Be2 Nd7 6. b3 c5 7. Be3 Qa5 8. Qd3
Rc8 9. Qc4 b5 10. b4 bxc4 11. bxa5 Bxf3 12. Bxf3 cxd4 13. Bg5 dxc3 14. Bg4 Rc5
15. Rb1 Rxg5 0-1

[Event "3eme Open International de La Fere"]
[Site "La Fere (FRA)"]
[Date "2004.??.??"]
[Round "8.53"]
[White "Lucas, Bernard"]
[Black "Swiercz, Sonia"]
[Result "0-1"]
[WhiteElo "1730"]
[BlackElo "1580"]
[PlyCount "66"]
[EventDate "2004.??.??"]

1. e4 c5 2. Nf3 e6 3. d4 cxd4 4. Nxd4 a6 5. Be2 Qc7 6. O-O b5 7. Be3 Bb7 8. f3
Bd6 9. h3 Nc6 10. c3 Nf6 11. Nd2 Nh5 12. Bd3 Bh2+ 13. Kf2 Qg3+ 14. Ke2 Qxg2+
15. Rf2 Ng3+ 16. Ke1 Qh1+ 17. Bf1 Ne5 18. Qc2 Nxf1 19. Nxf1 Bg3 20. Ke2 Bxf2
21. Bxf2 Qxh3 22. Ne3 Ng6 23. Rg1 Nf4+ 24. Kd1 e5 25. Rg3 Qh1+ 26. Rg1 Qh5 27.
Ndf5 Qxf3+ 28. Ke1 O-O 29. Rg3 Qxe4 30. Nd6 Qxc2 31. Nxc2 Bd5 32. Ne3 Be6 33.
Ne4 Kh8 0-1

[Event "3eme Open International de La Fere"]
[Site "La Fere (FRA)"]
[Date "2004.??.??"]
[Round "9.2"]
[White "Bratanov, Zsivko"]
[Black "Gharamian, Tigran"]
[Result "1/2-1/2"]
[WhiteElo "2432"]
[BlackElo "2398"]
[PlyCount "64"]
[EventDate "2004.??.??"]

1. d4 Nf6 2. Nf3 c5 3. d5 d6 4. c4 b5 5. cxb5 a6 6. e3 g6 7. Nc3 Bg7 8. bxa6
O-O 9. Be2 Nxa6 10. O-O e6 11. dxe6 fxe6 12. e4 d5 13. Bg5 Qb6 14. exd5 Nxd5
15. Nxd5 exd5 16. Qxd5+ Be6 17. Qe4 Rfe8 18. Bc4 Bxc4 19. Qxc4+ Qe6 20. Nd2
Bxb2 21. Rae1 Qxc4 22. Nxc4 Bd4 23. a4 Nb4 24. a5 Bxf2+ 25. Kxf2 Nd3+ 26. Kg3
Rxe1 27. Rxe1 Nxe1 28. Be3 Nd3 29. Kf3 Re8 30. Nd6 Ne5+ 31. Kf4 Nd3+ 32. Kf3
Ne5+ 1/2-1/2

[Event "3eme Open International de La Fere"]
[Site "La Fere (FRA)"]
[Date "2004.??.??"]
[Round "9.4"]
[White "Meijers, Viesturs"]
[Black "Gozzoli, Yannick"]
[Result "1-0"]
[WhiteElo "2477"]
[BlackElo "2429"]
[PlyCount "41"]
[EventDate "2004.??.??"]

1. e4 e5 2. Nf3 Nc6 3. Bb5 a6 4. Bxc6 dxc6 5. O-O Qd6 6. d3 Be6 7. Be3 f6 8. d4
Bg4 9. c3 Ne7 10. Nbd2 Ng6 11. h3 Be7 12. dxe5 Nxe5 13. Bf4 O-O-O 14. Kh1 Bd7
15. Bh2 Qc5 16. Nb3 Qc4 17. Bxe5 fxe5 18. Nxe5 Qxe4 19. Re1 Qf5 20. Qd4 Rhf8
21. Qa7 1-0

[Event "3eme Open International de La Fere"]
[Site "La Fere (FRA)"]
[Date "2004.??.??"]
[Round "9.5"]
[White "Van Der Weide, Karel"]
[Black "Szabo, Gergely-Andras-Gyul"]
[Result "0-1"]
[WhiteElo "2471"]
[BlackElo "2422"]
[PlyCount "86"]
[EventDate "2004.??.??"]

1. e4 c5 2. Nf3 d6 3. d4 cxd4 4. Nxd4 Nf6 5. Nc3 a6 6. f4 e6 7. Qf3 Qb6 8. Nb3
Qc7 9. g4 Nfd7 10. g5 b5 11. Bd3 Bb7 12. Qh3 g6 13. Bd2 Nc5 14. Rf1 Nbd7 15. f5
Bg7 16. f6 Bf8 17. Nd4 b4 18. Nce2 e5 19. Nb3 Nxe4 20. Bxb4 Nxg5 21. Qg4 Ne6
22. Ba5 Qc6 23. O-O-O d5 24. Nc3 Bh6+ 25. Kb1 Bf4 26. Qh4 Bg5 27. Qb4 Bxf6 28.
Bxg6 hxg6 29. Nxd5 Bg5 30. c4 Rh4 31. Rc1 Rc8 32. Rg1 Qxd5 33. cxd5 Rxc1+ 34.
Nxc1 Rxb4 35. dxe6 Be4+ 36. Ka1 Rc4 37. exd7+ Kxd7 38. Nb3 Bf4 39. h4 Bd5 40.
Rd1 Ke6 41. Bb6 Bf3 42. Rd8 Rc6 43. Rb8 Kf5 0-1

[Event "3eme Open International de La Fere"]
[Site "La Fere (FRA)"]
[Date "2004.??.??"]
[Round "9.8"]
[White "Laurent, Julien G"]
[Black "Karpatchev, Aleksandr"]
[Result "0-1"]
[WhiteElo "2212"]
[BlackElo "2463"]
[PlyCount "52"]
[EventDate "2004.??.??"]

1. c4 e5 2. Nc3 Nf6 3. g3 d5 4. cxd5 Nxd5 5. Bg2 Nb6 6. Nf3 Nc6 7. O-O Be7 8.
d3 O-O 9. Be3 Be6 10. Rc1 f5 11. a3 Bf6 12. b4 Nd4 13. Re1 c6 14. Nd2 Rf7 15.
Na4 Nxa4 16. Qxa4 a5 17. Bxd4 axb4 18. Ba7 e4 19. dxe4 Qxd2 20. e5 Bxe5 21.
Rcd1 Qc3 22. Bc5 Qxa3 23. Qxb4 Qxb4 24. Bxb4 Rd7 25. Rxd7 Bxd7 26. Rd1 Ra1 0-1

[Event "3eme Open International de La Fere"]
[Site "La Fere (FRA)"]
[Date "2004.??.??"]
[Round "9.12"]
[White "Molenaar, Joseph"]
[Black "Colin, Vincent"]
[Result "0-1"]
[WhiteElo "2171"]
[BlackElo "2389"]
[PlyCount "108"]
[EventDate "2004.??.??"]

1. d4 d5 2. c4 e6 3. Nc3 Nf6 4. e3 Nbd7 5. Nf3 b6 6. cxd5 exd5 7. Bd3 Bb7 8.
O-O Be7 9. Nd2 O-O 10. e4 dxe4 11. Ndxe4 Nxe4 12. Bxe4 Bxe4 13. Nxe4 Nf6 14.
Nxf6+ Bxf6 15. Be3 Qd7 16. Qd2 Rfd8 17. Rfd1 Qd5 18. a3 Rd7 19. Rac1 Rad8 20.
b4 Bxd4 21. Bxd4 Qxd4 22. Qxd4 Rxd4 23. Rxd4 Rxd4 24. Kf1 Rd7 25. b5 Kf8 26.
Rc4 Ke7 27. g4 Kd8 28. Ra4 Rd5 29. Rxa7 Rxb5 30. Ra8+ Ke7 31. Rg8 Kf6 32. Kg2
h5 33. h3 hxg4 34. hxg4 Rb3 35. Rc8 Rc3 36. f3 g5 37. Kg3 Ke6 38. Rg8 Rxa3 39.
Rxg5 c5 40. Rh5 Rb3 41. Rh6+ Ke5 42. Rh5+ Kd4 43. Rf5 c4 44. Rxf7 c3 45. Rd7+
Ke3 46. Rc7 Kd2 47. Rd7+ Kc1 48. Rc7 Kb2 49. g5 c2 50. Rxc2+ Kxc2 51. g6 Rb1
52. Kf4 Rg1 53. Kf5 b5 54. f4 b4 0-1

[Event "3eme Open International de La Fere"]
[Site "La Fere (FRA)"]
[Date "2004.??.??"]
[Round "9.13"]
[White "Sebe-Vodislav, Razvan-Alexandru"]
[Black "Sarakauskiene, Zivile"]
[Result "1-0"]
[WhiteElo "2346"]
[BlackElo "2181"]
[PlyCount "53"]
[EventDate "2004.??.??"]

1. c4 c5 2. Nc3 e6 3. e4 Nc6 4. g3 a6 5. Bg2 Nge7 6. Nge2 g6 7. d3 Bg7 8. h4
O-O 9. h5 f5 10. hxg6 hxg6 11. Bh6 Bxh6 12. Rxh6 Kg7 13. Qd2 Ng8 14. Rh2 d6 15.
O-O-O Rf7 16. Rdh1 Kf8 17. Rh8 Nce7 18. d4 cxd4 19. Nxd4 Qc7 20. exf5 Nxf5 21.
Nxf5 gxf5 22. Bf3 Rg7 23. Qd4 e5 24. Qd5 e4 25. R1h7 Be6 26. Qxe6 Qe7 27. Rxg8+
1-0

[Event "3eme Open International de La Fere"]
[Site "La Fere (FRA)"]
[Date "2004.??.??"]
[Round "9.16"]
[White "Molet, Asher"]
[Black "Bogza, Adina-Maria"]
[Result "0-1"]
[WhiteElo "2019"]
[BlackElo "2291"]
[PlyCount "84"]
[EventDate "2004.??.??"]

1. d4 Nf6 2. Nf3 g6 3. c4 Bg7 4. Nc3 O-O 5. e4 c6 6. Be2 d5 7. cxd5 cxd5 8. e5
Ne8 9. O-O Nc6 10. Be3 Nc7 11. Qd2 f6 12. Bh6 fxe5 13. Bxg7 Kxg7 14. Nxe5 Nxe5
15. dxe5 Bf5 16. Rfd1 Qd7 17. Bd3 e6 18. Ne2 Bxd3 19. Qxd3 Na6 20. Nd4 Nc5 21.
Qb5 Qxb5 22. Nxb5 a6 23. Nd4 Kf7 24. Rac1 Rac8 25. f4 Ke7 26. g3 Ne4 27. Nf3 b5
28. Nd4 Kd7 29. Ne2 Rc4 30. b3 Rcc8 31. Rxc8 Rxc8 32. Rc1 Rxc1+ 33. Nxc1 Kc6
34. b4 d4 35. Kf1 Kd5 36. a3 Nc3 37. Nb3 Ke4 38. Kf2 Kd5 39. Nc5 Ne4+ 40. Nxe4
Kxe4 41. Ke2 h5 42. h4 d3+ 0-1

[Event "3eme Open International de La Fere"]
[Site "La Fere (FRA)"]
[Date "2004.??.??"]
[Round "9.17"]
[White "Rigolot, Matthieu"]
[Black "Lonnoy, Remi"]
[Result "1-0"]
[WhiteElo "2157"]
[BlackElo "2025"]
[PlyCount "65"]
[EventDate "2004.??.??"]

1. d4 Nf6 2. c4 g6 3. Nc3 d5 4. Nf3 Bg7 5. Bg5 Ne4 6. cxd5 Nxg5 7. Nxg5 e6 8.
Nf3 exd5 9. b4 c6 10. e3 O-O 11. Bd3 Nd7 12. O-O Re8 13. Qc2 Nf6 14. b5 cxb5
15. Nxb5 Re7 16. a4 a6 17. Nc3 Qa5 18. Nd2 Rc7 19. Rfc1 Bf8 20. Nb3 Qb6 21. a5
Qe6 22. Qa2 Bd6 23. Na4 Rxc1+ 24. Rxc1 Nd7 25. Nbc5 Nxc5 26. Nxc5 Qe7 27. Qxd5
Qc7 28. h3 Rb8 29. Rc2 Qe7 30. e4 Bc7 31. Nd7 Qxd7 32. Qxd7 Bxd7 33. Rxc7 1-0

[Event "3eme Open International de La Fere"]
[Site "La Fere (FRA)"]
[Date "2004.??.??"]
[Round "9.18"]
[White "Demeestere, Laurent"]
[Black "Minet, Steve"]
[Result "0-1"]
[WhiteElo "1954"]
[BlackElo "2154"]
[PlyCount "78"]
[EventDate "2004.??.??"]

1. e4 c6 2. d4 d5 3. exd5 cxd5 4. c4 Nf6 5. Nc3 g6 6. cxd5 Nxd5 7. Qb3 Nb6 8.
Nf3 Bg7 9. Bb5+ Bd7 10. O-O O-O 11. Bxd7 N8xd7 12. Bf4 Nf6 13. Be5 Qd7 14. Rfd1
Rac8 15. Nb5 a6 16. Na7 Ra8 17. Bxf6 Bxf6 18. Qxb6 e6 19. Ne5 Qd5 20. Rac1 Bd8
21. Qc5 Qxc5 22. dxc5 Rxa7 23. Rd7 Bf6 24. Nc6 Bxb2 25. Rb1 bxc6 26. Rxa7 Bd4
27. Rc7 Bxc5 28. Rxc6 Bd4 29. Rxa6 Rc8 30. a4 Rc2 31. Rf1 Ra2 32. Ra8+ Kg7 33.
a5 h5 34. a6 g5 35. h3 e5 36. Rb1 Rxf2 37. Rb7 g4 38. hxg4 hxg4 39. g3 e4 0-1

[Event "3eme Open International de La Fere"]
[Site "La Fere (FRA)"]
[Date "2004.??.??"]
[Round "9.23"]
[White "Croenne, Olivier"]
[Black "Moulin, Serge"]
[Result "1/2-1/2"]
[WhiteElo "2055"]
[BlackElo "1932"]
[PlyCount "77"]
[EventDate "2004.??.??"]

1. e4 Nf6 2. e5 Nd5 3. d4 d6 4. Nf3 dxe5 5. Nxe5 Nd7 6. Nd3 e6 7. Nd2 c5 8.
dxc5 Nxc5 9. Nxc5 Bxc5 10. Ne4 Be7 11. c3 O-O 12. Bd3 a6 13. O-O b5 14. Bc2 Bb7
15. Qh5 g6 16. Qh3 f5 17. Ng3 e5 18. Bh6 Bg5 19. Bb3 Bxh6 20. Qxh6 Rf6 21. Rad1
Rd6 22. h4 Qf8 23. Qc1 Kg7 24. Rfe1 Nf4 25. Rxe5 Nxg2 26. Nxf5+ gxf5 27. Qg5+
Kh8 28. Rxd6 Qxd6 29. Re7 Qg6 30. Rxb7 Nxh4 31. Qxg6 hxg6 32. a4 g5 33. axb5
axb5 34. Rxb5 Ra1+ 35. Kh2 Rf1 36. Kg3 Rg1+ 37. Kh3 Rh1+ 38. Kg3 Rg1+ 39. Kh3
1/2-1/2

[Event "3eme Open International de La Fere"]
[Site "La Fere (FRA)"]
[Date "2004.??.??"]
[Round "9.25"]
[White "Boudier, Eric"]
[Black "Sebe-Vodislav, Florian-George"]
[Result "0-1"]
[WhiteElo "1941"]
[BlackElo "2298"]
[PlyCount "77"]

1. e4 c6 2. d4 d5 3. Nc3 dxe4 4. Nxe4 Nd7 5. Bd3 Ngf6 6. Ng3 Nb6 7. c3 Bg4 8.
Nf3 e6 9. h3 Bxf3 10. Qxf3 Bd6 11. O-O Qc7 12. a4 a5 13. Ne4 Nxe4 14. Qxe4 Nd5
15. Qg4 O-O 16. Bd2 Rae8 17. f4 Nf6 18. Qf3 c5 19. Bb5 Rd8 20. dxc5 Bxc5+ 21.
Be3 g6 22. Rad1 Nd5 23. Bd4 Qb6 24. Kh1 Bxd4 25. Rxd4 Nc7 26. Rxd8 Rxd8 27. c4
Nxb5 28. cxb5 Rd4 29. b3 Qc7 30. Qe3 Qd6 31. Rc1 Rxf4 32. Rc8+ Kg7 33. Rc1 Rd4
34. Qc3 b6 35. Qc6 Qf4 36. Qc3 e5 37. Re1 h5 38. Qc6 Qf2 39. Qc7 0-1

[Event "3eme Open International de La Fere"]
[Site "La Fere (FRA)"]
[Date "2004.??.??"]
[Round "9.26"]
[White "De Lange, Hans"]
[Black "Vernay, Clovis"]
[Result "0-1"]
[WhiteElo "1900"]
[BlackElo "2206"]
[PlyCount "44"]
[EventDate "2004.??.??"]

1. e4 e6 2. d4 d5 3. exd5 exd5 4. Nf3 Bd6 5. c4 dxc4 6. Bxc4 Nf6 7. Nc3 O-O 8.
O-O Bg4 9. h3 Bh5 10. Bg5 Nbd7 11. Ne4 Be7 12. Re1 Nxe4 13. Bxe7 Qxe7 14. g4
Bg6 15. Nd2 Qb4 16. Bxf7+ Rxf7 17. Nxe4 Raf8 18. a3 Qb6 19. b4 Bxe4 20. Rxe4
Rxf2 21. Qb3+ Kh8 22. Rae1 Qd6 0-1

[Event "3eme Open International de La Fere"]
[Site "La Fere (FRA)"]
[Date "2004.??.??"]
[Round "9.27"]
[White "Li, David"]
[Black "Maufroid, Loic"]
[Result "0-1"]
[WhiteElo "1890"]
[BlackElo "2120"]
[PlyCount "98"]
[EventDate "2004.??.??"]

1. e4 c5 2. Nf3 d6 3. Nc3 Nf6 4. d3 g6 5. g3 Bg7 6. Bg2 Nc6 7. Be3 Ng4 8. Bf4
O-O 9. O-O Bd7 10. h3 Nge5 11. Nxe5 Nxe5 12. Nd5 Bc6 13. Qd2 e6 14. Ne3 d5 15.
exd5 exd5 16. Bxe5 Bxe5 17. c3 d4 18. Ng4 Bxg2 19. Kxg2 Qd5+ 20. Kg1 Bg7 21. c4
Qf5 22. Rad1 h5 23. Nh6+ Bxh6 24. Qxh6 Qxh3 25. Qg5 b6 26. Rfe1 Rfe8 27. Re5
Rxe5 28. Qxe5 Qg4 29. Re1 h4 30. Qd5 Rf8 31. Kh2 hxg3+ 32. fxg3 Kg7 33. Re7
Rh8+ 34. Kg2 Qh3+ 35. Kf2 Qh2+ 36. Kf1 Qh1+ 37. Qxh1 Rxh1+ 38. Kg2 Rd1 39. Rxa7
Rxd3 40. Kf1 Rd2 41. b4 cxb4 42. Ra6 Rc2 43. Rxb6 Rxc4 44. Ke2 Rc2+ 45. Kd3
Rxa2 46. Rxb4 Ra3+ 47. Kxd4 Rxg3 48. Ke5 Rf3 49. Ke4 Rf1 0-1

[Event "3eme Open International de La Fere"]
[Site "La Fere (FRA)"]
[Date "2004.??.??"]
[Round "9.29"]
[White "Gozzoli, Cyrille"]
[Black "Gaignierre, Gilles"]
[Result "1-0"]
[WhiteElo "2087"]
[BlackElo "1900"]
[PlyCount "95"]
[EventDate "2004.??.??"]

1. d4 d5 2. Nf3 Nf6 3. Bf4 Bf5 4. e3 e6 5. Be2 Bd6 6. Bg5 Nbd7 7. Nbd2 h6 8.
Bh4 c6 9. c3 Qc7 10. O-O Ne4 11. c4 Nxd2 12. Qxd2 dxc4 13. Bxc4 Be4 14. Bg3
Bxg3 15. hxg3 Nf6 16. b4 Rd8 17. Qb2 Qb6 18. Qb3 O-O 19. Nd2 Bd5 20. a4 Ne4 21.
Nxe4 Bxe4 22. a5 Qc7 23. Bxe6 Bxg2 24. Kxg2 fxe6 25. Qxe6+ Qf7 26. Qxf7+ Rxf7
27. Rac1 Rd5 28. Rc5 Kf8 29. Rfc1 Rfd7 30. Rxd5 cxd5 31. Rc8+ Ke7 32. b5 Rd8
33. Rxd8 Kxd8 34. f4 Kc7 35. Kf3 a6 36. bxa6 bxa6 37. e4 Kd6 38. e5+ Ke6 39.
Ke3 Kf5 40. Kd3 g5 41. fxg5 hxg5 42. g4+ Ke6 43. Kc3 Kd7 44. Kb4 Kc6 45. e6 Kd6
46. e7 Kxe7 47. Kc5 Ke6 48. Kc6 1-0